Gründungsmitglied der Fußball Bundesliga? #1 - Statistiken

Allgemein
  • Dieses Quiz wurde 99 mal gespielt
  • Das Durchschnittsergebnis liegt bei 6 aus 8
Antwortstatistiken
Hint Antwort % Korrekt
Eintracht Frankfurt Ja
88%
Borussia Dortmund Ja
86%
Arminia Bielefeld Nein
76%
SSV Ulm 1846 Nein
74%
FC Bayern München Nein
74%
Tennis Borussia Berlin Nein
73%
Hannover 96 Nein
50%
Rot-Weiss Essen Nein
49%
Keine übereinstimmenden Quizze gefunden
Verteilung der Resultate
Anzahl Personen mit jedem Resultat
Perzentil nach korrekt beantworteten Fragen
Ihre Resultats-Entwicklung
Sie haben dieses Quiz noch nicht gespielt